Gardens of Oceania (Record no. 29555)
[ view plain ]
| 000 -LEADER | |
|---|---|
| fixed length control field | 01906nam a2200445Ia 4500 |
| 100 1# - MAIN ENTRY--AUTHOR NAME | |
| Personal name | Walter, Annie. |
| 245 10 - TITLE STATEMENT | |
| Title | Gardens of Oceania |
| 260 ## - PUBLICATION, DISTRIBUTION, ETC. (IMPRINT) | |
| Place of publication | [Australia] : |
| Name of publisher | Australian Government, Australian Centre for International Agricultural Research, |
| Year of publication | c2007. |
| 300 ## - PHYSICAL DESCRIPTION | |
| Number of Pages | 326 p. : |
| Other physical details | col. ill., map. |
| 490 1# - SERIES STATEMENT | |
| Series statement | ACIAR monograph ; |
| 500 ## - GENERAL NOTE | |
| General note | "First published in French by IRD Editions and CIRAD as Jardins d'Oceanie ... 2003"--T.p. verso. |
| General note | "This edition created in Australia with permission of IRD-CIRAD"--T.p. verso. |
| 650 #0 - SUBJECT ADDED ENTRY--TOPICAL TERM | |
| Topical Term | Food crops |
| Topical Term | Agrobiodiversity |
| Topical Term | Agriculture |
| 700 1# - ADDED ENTRY--PERSONAL NAME | |
| Personal name | Lebot, Vincent. |
| Personal name | Sam, Chanel. |
| Personal name | Ferrar, P. |
| 856 40 - ELECTRONIC LOCATION AND ACCESS | |
| Uniform Resource Identifier | http://site.ebrary.com/lib/rucke/Doc?id=10686529 |
No items available.
